| 000 | 004430000a22001810004500 | ||
|---|---|---|---|
| 003 | MACL | ||
| 005 | 20160107173627.0 | ||
| 008 | 160107b xxu||||| |||| 00| 0 eng d | ||
| 040 |
_aMACL _cMACL |
||
| 041 | _aEnglish | ||
| 082 | _a900.31/MEN | ||
| 100 |
_aMende, Tibor _929434 |
||
| 245 | _aChina and her Shadow | ||
| 260 |
_bAsia Publishing House _c1961 _aBombay |
||
| 350 | _a20 | ||
| 650 |
_aHistory _929435 |
||
| 942 |
_cBK _k900.31/MEN _2ddc |
||
| 999 |
_c35327 _d35327 |
||